| 000 | 00438nam a2200157 i 4500 | ||
|---|---|---|---|
| 001 | 28244 | ||
| 003 | ES-MaACL | ||
| 005 | 20230906153814.0 | ||
| 007 | t| | ||
| 008 | 030116s1969 sp ||||1| spa d | ||
| 100 | 1 |
_aBadenes Gasset, Ramón. _924527 |
|
| 245 | 1 | 3 |
_aEl contrato de compraventa / _cRamón Badenes Gasset. |
| 260 |
_aMadrid : _bTecnos, _c[1969] |
||
| 300 |
_a1 t. en 2 v. ; _c22 cm. |
||
| 852 |
_aES-MaACL _jC-38353-4 _bR.70522 |
||
| 999 |
_c28244 _d28244 |
||